000 00440nam a2200169Ia 4500
008 121010t1999 xxu||||| |||| 00| 0 sin d
041 _asin
080 _aX8S1
_bRAN
100 _aSaman Chandra Ranasinghe
245 _aමිතුරු සඳ
246 _aMithuru Sanda
260 _bSaman Chandra Ranasinghe
_aHokandara
_c1999
300 _b112p., 18 cm
942 _cBK
999 _c76188
_d76188
003 LK-CoDNM
040 _aLK-CoDNM
_dLK-CoDNM
_eLK-CoDNM